Statistiche per Stati e Iniziali delle Capitali - Quiz n°12

Clicka qui per fare il quiz!

Statistiche generali

  • Questo quiz è stato fatto 3 volte
  • Il punteggio medio è 8 su 10

Statistiche sulle risposte

HintRisposta% Corretto
Paesi BassiA
100%
ArgentinaB
100%
FinlandiaH
100%
Corea del NordP
100%
Sri LankaS
100%
MalawiL
67%
OmanM
67%
GeorgiaT
67%
BruneiB
33%
UzbekistanT
33%

Distribuzione punteggi

Percentile per numero di risposta

Percentuale di utenti per punteggio

I tuoi punteggi nel tempo

Non hai fatto questo quiz